| 000 | 00804nam a2200265 i 4500 | ||
|---|---|---|---|
| 001 | 17799 | ||
| 003 | ES-MaACL | ||
| 005 | 20260525062923.0 | ||
| 007 | t| | ||
| 008 | 010528s2000 sp ||||1| spa d | ||
| 020 | _a84-239-7459-6 | ||
| 080 | _a929 Carlos (460) I | ||
| 080 | _a940.21/23 | ||
| 100 | 1 |
_aFernández Álvarez, Manuel, _d1921-2010 _949458 |
|
| 245 | 1 | 0 |
_aCarlos V _b: un hombre para Europa / _cManuel Fernández Alvárez. |
| 250 | _a4ª ed. | ||
| 260 |
_aMadrid : _bEspasa-Calpe, _c2000. |
||
| 300 |
_a360 p. ; _c18 cm. |
||
| 490 | 1 |
_aColección austral ; _v459 |
|
| 600 | 0 | 4 |
_aCarlos _bI, _cRey de España _935296 |
| 651 |
_aEuropa- _xHistoria- _yS.XVI. _98612 |
||
| 830 | 0 |
_aColección austral _v459 _9177655 |
|
| 852 |
_aES-MaACL _jL-24676 _bR.129973 |
||
| 999 |
_c17799 _d17799 |
||